Months by Picture - Statistics

General Stats
  • This quiz has been taken 96 times
  • The average score is 8 of 12
Answer Stats
Picture Answer % Correct
February
85%
December
82%
April
81%
October
81%
November
79%
August
66%
March
63%
September
61%
July
58%
January
51%
May
49%
June
31%
No matching quizzes found
Score Distribution
Percent of People with Each Score
Percentile by Number Answered
Your Score History
You have not taken this quiz